01082nam a2200229 450000100060000000300080000600500170001400800390003103500270007003500190009703500160011604000390013204100080017108200250017910000330020424500870023726000380032430000250036250503770038760000370076470000510080120567BD-RjUL20211209000601.0140301s1952 enkabch 001 p eng a(CStRLIN)NYCG91-B55402 a(BD-RjUL)20629 a(NNC)969109 cPUdCtY-BRdNNCdBD-RjULaNNCbeng aeng a821.4bMAP 1951-19521 aMarvell, Andrew,d1621-1678.14aThe poems & letters of Andrew Marvell /ced. by H.M. Margoliouth.nVol. 2pLETTERS aOxford :bClarendon Press,c1952. avi, 373 p. ;c23 cm.0 av.1. Poems published before 1650. Miscellaneous poems. Satires of the reign of Charles II. Commentary. Appendix: An elegy upon the death of my Lord Francis Villiers.--v.2. Letters to the mayor and corporation of Kingston-upon-Hull, 1660-1678. Letters to, or preserved at, the Trinity house, Hull, 1661-1678. Miscellaneous letters. Notes. Calendars for the years 1659-1678.1 aMarvell, Andrew, -- d1621-1678.1 aMargoliouth, H. M.q(Herschel Maurice),d1887-